| 000 | 01152nam a2200241 a 4500 | ||
|---|---|---|---|
| 001 | 49162 | ||
| 003 | BD-RjUL | ||
| 005 | 20211209054637.0 | ||
| 008 | 160818s1975 bg ||||| |||| 00| 0 ben d | ||
| 035 | _a(BD-RjUL)49281 | ||
| 040 |
_aBD-RjUL _bben _cBD-RjUL _dBD-RjUL |
||
| 041 | _aben | ||
| 082 |
_223 _a891.4409 _bABU 1975 |
||
| 100 |
_aআবুতালিব, মুহম্মদ _9147792 |
||
| 245 | 1 | 0 |
_aউত্তর বঙ্গে সাহিত্য সাধনা / _cমুহম্মদ আবুতালিব, |
| 260 |
_aরাজশাহী : _bরাজশাহী বশ্ববিদ্যালয়, _c১৯৭৫. |
||
| 300 |
_aবিভিন্ন পৃ. ; _c২৩ সেমি. |
||
| 500 | _a(ডক্টর শ্রী সুনীতি কুমার চট্টোপাধ্যায়ের মুখবন্ধ সংবলিত) | ||
| 504 | _aগ্রন্থপঞ্জি সংযুক্ত | ||
| 650 |
_aবাংলা সাহিত্য _vইতিহাস ও সমালোচনা _9122719 |
||
| 650 |
_aBengali literature _vHistory and Criticism _9122720 |
||
| 942 |
_2ddc _cBK |
||
| 999 |
_c49162 _d49162 |
||